000 00848nam a2200289 4500
003 OSt
005 20260530113843.0
008 260508b2007 |||ao||| |||| 001 0 eng d
020 _a1856695069
020 _a9781856695060
040 _aICI
_bspa
_cICI
050 _aTS171
_bL44
100 1 _aLefteri, Chris
_930403
245 1 0 _aMaking it:
_bManufacturing Techniques for Product Design
264 1 _bLawrence King Publishing
_c2007
_aChina
300 _a240 páginas
336 _atexto
_2rdacontent
337 _asin medio
_2rdamedia
338 _avolumen
_2rdacarrier
500 _aUn libro extraordinario
650 _aiseño de productos
_930404
650 _aManufactura
_930405
650 _aProcesos de fabricació
_930406
650 _aDiseño industrial
_915218
650 _aMateriales industriales
_930407
942 _2lcc
_cBK
_n1
999 _c11182
_d11182